000 00515 a2200205 4500
005 20260428162417.0
008 260428b |||||||| |||| 00| 0 eng d
020 _a9781119853374
_c$ 55.95
040 _aMAIN
082 _a720.1
_bC441A(5)
100 _aChing, Francis D K
245 _aArchitecture: Form, space, and order
250 _a5th
260 _bJohn Wiley
_c2023
_aHoboken
300 _axiii, 481
650 _aArt
650 _aArchitecture
650 _aAechitectural Structure
942 _cBK
999 _c397155
_d397155